Operation and Modelling of the MOS Transistor (Record no. 612669)
[ view plain ]
| 000 -LEADER | |
|---|---|
| fixed length control field | 00416nam a22001457a 4500 |
| 020 ## - INTERNATIONAL STANDARD BOOK NUMBER | |
| International Standard Book Number | 9780071167918 |
| 040 ## - CATALOGING SOURCE | |
| Transcribing agency | Nust |
| 082 ## - DEWEY DECIMAL CLASSIFICATION NUMBER | |
| Classification number | 621.3815284 |
| Author Mark | ISI |
| 100 ## - MAIN ENTRY--PERSONAL NAME | |
| Personal name | Yannis P. Tsividis |
| 9 (RLIN) | 127585 |
| 245 ## - TITLE STATEMENT | |
| Title | Operation and Modelling of the MOS Transistor |
| 250 ## - EDITION STATEMENT | |
| Edition statement | 2nd edition |
| 260 ## - PUBLICATION, DISTRIBUTION, ETC. | |
| Place of publication, distribution, etc. | Boston : |
| Name of publisher, distributor, etc. | McGraw-Hill, |
| Date of publication, distribution, etc. | 1999. |
| 650 ## - SUBJECT ADDED ENTRY--TOPICAL TERM | |
| Topical term or geographic name entry element | Operation and Modelling of the MOS Transistor |
| 9 (RLIN) | 127586 |
| 942 ## - ADDED ENTRY ELEMENTS (KOHA) | |
| Source of classification or shelving scheme | |
| Koha item type | Book |
| Withdrawn status | Lost status | Source of classification or shelving scheme | Damaged status | Not for loan | Permanent Location | Current Location | Shelving location | Date acquired | Total Checkouts | Full call number | Barcode | Date last seen | Price effective from | Koha item type |
|---|---|---|---|---|---|---|---|---|---|---|---|---|---|---|
| College of Electrical & Mechanical Engineering (CEME) | College of Electrical & Mechanical Engineering (CEME) | General Stacks | 01/15/2025 | 621.3815284 ISI | CEME- 36088 | 01/15/2025 | 01/15/2025 | Book |
